Statistics for Car Brands

Click here to take the quiz!

General Stats

  • This quiz has been taken 229 times
  • The average score is 8 of 10

Answer Stats

Car BrandCountry% Correct
AudiGermany
96%
ChryslerUnited States
94%
Peugeot‎France
93%
FiatItaly
93%
SubaruJapan
93%
BentleyUnited Kingdom
91%
Kia MotorsSouth Korea
78%
Saab AutomobileSweden
76%
Tata MotorsIndia
72%
Škoda AutoCzech Republic
55%

Score Distribution

Percentile by Number Answered

Percent of People with Each Score

Your Score History

You have not taken this quiz